000 00291nam a22001337a 4500
008 181023b xxu||||| |||| 00| 0 eng d
020 _a9780534188764
041 _aeng
080 _a510
100 _a37
101 _aMAT
245 _aConquering Math Anxiety
_cArem.C
942 _2udc
_cBK
999 _c50667
_d50667